000 00771nam a2200217Ia 4500
999 _c55664
_d55664
001 22759
003 GE_BSU
005 20230519125943.0
008 181216s ||||ge |||||||||||||| || ||
020 _a9783191817411
040 _cGE_BSU
080 _a811.112.1+378.6 B-33
100 _aBayerlein, Oliver
_913857
245 _aLandeskunde aktiv.Praktische Orientierungen für Deutschland, Österreich und die Schweiz Niveaustufen ab A2 :
_bDeutsch als fremdsprache /
264 _aMunchen :
_bVerlag fur Deutsch,
_c2015.
300 _a127 p. :
_bill. ;
_c23 cm.
541 _h88 Gel.
653 _aDeutsch als fremdsprache
653 _aLandeskunde aktiv.Praktische Orientierungen für Deutschland, Österreich und die Schweiz. Niveaustufen ab A2
942 _cBK
_2udc